000 00777nam a2200217Ia 4500
001 2969
003 GE_BSU
008 181216s||||||||xx |||||||||||||| ||und||
040 _cGE_BSU
080 _a66.038(078.8)
100 _aДоманский,И.В. Исаков,В.П. Островский,Г.М. и др.
245 _aМашины и аппараты химических производств.Примеры и задачи.
245 _bУчебное пособие.
245 _cПод.Общ.Ред.В.П.Соколова.
260 _aЛ.
260 _bМашиностроение.
260 _c1982.
300 _a384 стр.с илл. 22 см.
653 _aМашины и аппараты химических производств.
942 _cBK
999 _c37016
_d37016